000 00748nam a2200265Ia 4500
003 OSt
005 20220912150215.0
006 a|||||r|||| 00| 0
007 ta
008 220909b |||||||| |||| 00| 0 eng d
024 _a29135
037 _cTextual
040 _aCSL
_beng
_cCSL
041 _aeng
082 _aB280bD, L5;2
100 _aBethea Robert M
245 0 _aStatistical methods for engineers and scientists
260 _aNew York
_b Marcel Dekker
_c1975
300 _axxi, 583p.
_ccm.
490 _aStatistics: textbooks and monographs; 15
650 _aStatistics
700 _a Duran Benjamins
942 _hB280bD, L5;2
_cTEXL
_2CC
999 _c41888
_d41888